Which Happened First? - Statistics

General Stats
  • This quiz has been taken 86 times
  • The average score is 11 of 15
Answer Stats
Question Answer % Correct
These countries divide, and reunify Germany is reunified from East and West Germany
100%
Construction of these Wonders of the Ancient World begin Great Pyramid of Giza
100%
These religious figures live Jesus
100%
These assassinations JFK
100%
These boycotted Summer Olympics of the 1980's Moscow's
100%
These cities are conquered by the Romans Paris
100%
These presidencies begin Saddam Hussein
100%
These characters created Frankenstein, by Mary Shelley
67%
These coronations Henry VIII
67%
These years of birth Mozart
67%
These canal openings Suez
67%
These declarations of independence USA's, from Great Britain
67%
These skyscrapers are completed Burj Khalifa, Dubai
33%
These countries become a republic India
33%
These railways open Brussels to Cologne
0%
No matching quizzes found
Score Distribution
Percent of People with Each Score
Percentile by Number Answered
Your Score History
You have not taken this quiz